WorldGuess – Nomina Tutti i Paesi - Statistics

General Stats
  • This quiz has been taken 462 times
  • The average score is 116 of 196
Answers on the Map
Answers color-coded by a green-red scale on the quiz's map according to % correct below.
 
Answer Stats
Country % Correct
Stati Uniti
96%
Canada
95%
Messico
95%
Francia
92%
Italia
92%
Argentina
91%
Germania
90%
Portogallo
90%
Regno Unito
90%
Russia
90%
Spagna
90%
Brasile
89%
Cile
88%
Cina
88%
Grecia
88%
Irlanda
88%
Austria
87%
India
87%
Polonia
87%
Svizzera
87%
Egitto
86%
Islanda
86%
Norvegia
86%
Svezia
86%
Ucraina
86%
Albania
85%
Australia
85%
Giappone
85%
Turchia
85%
Danimarca
84%
Finlandia
84%
Marocco
84%
Paesi Bassi
84%
Belgio
83%
Cuba
83%
Romania
82%
Croazia
81%
Estonia
81%
Lettonia
81%
Perù
81%
Algeria
80%
Corea del Sud
80%
Lituania
80%
Bielorussia
79%
Corea del Nord
79%
Slovenia
79%
Uruguay
78%
Bosnia ed Erzegovina
77%
Colombia
77%
Madagascar
77%
Panama
77%
Sudafrica
77%
Tunisia
77%
Iran
76%
Libia
76%
Mongolia
76%
Arabia Saudita
75%
Bolivia
75%
Bulgaria
75%
Paraguay
75%
Repubblica Ceca
75%
Serbia
75%
Venezuela
75%
Città del Vaticano
74%
Indonesia
74%
Malta
74%
Slovacchia
74%
Ungheria
74%
Macedonia del Nord
73%
Repubblica del Congo
73%
Iraq
72%
Montenegro
72%
Nuova Zelanda
72%
San Marino
72%
Cipro
70%
Pakistan
70%
Filippine
69%
Kazakistan
69%
Lussemburgo
69%
Niger
69%
Andorra
68%
Moldavia
68%
Kosovo
67%
Afghanistan
66%
Vietnam
66%
Sudan
65%
Somalia
64%
Ecuador
63%
Georgia
63%
Emirati Arabi Uniti
62%
Etiopia
62%
Haiti
62%
Nigeria
62%
Palestina
62%
Thailandia
62%
Uzbekistan
62%
Sri Lanka
60%
Libano
59%
Monaco
59%
Oman
59%
Senegal
59%
Yemen
59%
Costa Rica
58%
Eritrea
57%
Bangladesh
56%
Repubblica Dominicana
56%
Qatar
55%
Turkmenistan
55%
Kenya
54%
Liechtenstein
54%
Papua Nuova Guinea
54%
Armenia
53%
Giamaica
53%
Guinea
53%
Nepal
53%
Siria
53%
Sud Sudan
53%
El Salvador
52%
Guatemala
52%
Guyana
52%
Taiwan
52%
Honduras
51%
Angola
50%
Capo Verde
50%
Laos
50%
Mali
50%
Repubblica Democratica del Congo
50%
Suriname
50%
Azerbaijan
49%
Maldive
49%
Bhutan
48%
Giordania
48%
Tagikistan
48%
Ciad
47%
Bahamas
46%
Cambogia
46%
Mauritania
46%
Kuwait
44%
Malesia
44%
Birmania
43%
Camerun
43%
Belize
42%
Figi
42%
Ghana
42%
Kirghizistan
42%
Nicaragua
42%
Singapore
42%
Botswana
40%
Dominica
40%
Burkina Faso
39%
Burundi
39%
Costa d'Avorio
39%
Santa Lucia
39%
Seychelles
39%
Tanzania
39%
Repubblica Centrafricana
38%
Zambia
38%
Guinea Equatoriale
37%
Mozambico
37%
Benin
36%
Guinea-Bissau
36%
Lesotho
36%
Uganda
36%
Antigua e Barbuda
35%
Bahrain
35%
Gambia
35%
Liberia
35%
Sierra Leone
35%
Trinidad e Tobago
35%
Zimbabwea
35%
Barbados
34%
Mauritius
34%
Saint Kitts e Nevis
33%
Namibia
32%
Malawi
31%
Stati Federati di Micronesia
31%
Togo
31%
Gibuti
30%
Isole Marshall
30%
Isole Salomone
29%
Gabon
28%
Grenada
27%
Palau
27%
Ruanda
27%
Saint Vincent e Grenadine
27%
Swaziland
26%
Timor Est
26%
Comoros
24%
Vanuatu
24%
Brunei
23%
Samoa
23%
Sao Tome e Principe
23%
Kiribati
22%
Nauru
20%
Tuvalu
20%
Tonga
19%
No matching quizzes found
Score Distribution
Percent of People with Each Score
Percentile by Number Answered
Your Score History
You have not taken this quiz